00837nam a2200181 i 4500001000700000003000900007005001700016008004100033040002000074100003100094245011500125260008900240300004400329650001900373852009700392999001900489952014700508161133ES-MaACL20230906212211.0041022s1820 xxk |||| | eng d aCAM bspa cCAM1 aOsborne, Jonathan.913072712aA sketch of the physiology and pathology of urine b: with an historical introduction / cby Jonathan Osborne. aLondon [etc.] : bprinted for Burgess and Hill [etc.], c1820 (fS. Gosnell printer) aVI, [2], 81 p., [1] h. pleg. ; c22 cm. 4aOrina.9136635 aES-MaACLjT-483 bis-F-1 zEnc. hol. -- Falto de la cub. original -- Enc. en un vol. facticio c161133d161133 001040708Colección_de_folletosaATENEOMbATENEOMcDEPOFd2008-01-17l0oT-483 bis-F-1p1168772r2023-02-23 00:00:00w2023-02-23yFOLLETOS